Score 0/20 Timer 02:00
0 Plays Today
Author Missing Word % Correct
Michael CrichtonPark
98.6%
Nicholas SparksBottle
93.2%
Mark TwainAdventures
90.3%
Mark TwainSawyer
90.1%
Nicholas SparksRemember
74%
Mark TwainPauper
72.2%
Nicholas SparksJohn
69.9%
John IrvingAccording
67.5%
Michael CrichtonTrain
64.7%
John IrvingCider
60.3%
Author Missing Word % Correct
Nicholas SparksNights
51%
Michael CrichtonStrain
48.9%
Mark TwainYankee
45.7%
Michael CrichtonLost
42.4%
Michael CrichtonRising
23.9%
John IrvingPrayer
21.8%
Nicholas SparksBend
20.4%
John IrvingHotel
17.2%
John IrvingYear
16.3%
Mark TwainLetters
4.2%

Today's Daily Dose

Remove Ads.
Support Sporcle.
Get the best of Sporcle when you Go Orange. This ad-free experience offers more features, more stats, and more fun while also helping to support Sporcle. Thank you for becoming a member.

You're not logged in!

Compare scores with friends on all Sporcle quizzes.
OR
Log In

Show Comments

Extras

Top Quizzes Today


Score Distribution

Your Account Isn't Verified!

In order to create a playlist on Sporcle, you need to verify the email address you used during registration. Go to your Sporcle Settings to finish the process.

Report this User

Report this user for behavior that violates our Community Guidelines.

Details: